Logistika a jej vplyv na životné prostredie diplomová práca

Na minha lista:
Detalhes bibliográficos
Autor principal: Obuchová, Ľubica
Autor Corporativo: Fakulta podnikového manažmentu EU. Katedra manažmentu výroby a logistiky - zrušená
Outros Autores: Boorová, Brigita, 1979-
Formato: Livro
Idioma:eslovaco
Publicado em: Bratislava 2020
Tags: Adicionar Tag
Sem tags, seja o primeiro a adicionar uma tag!

MARC

LEADER 00000nbm a2200000 4500
001 0266097
005 20201123091232.4
041 0 |a slo 
044 |a SK 
245 1 0 |a Logistika a jej vplyv na životné prostredie  |b diplomová práca  |c Ľubica Obuchová ; školiteľ: Brigita Boorová 
264 1 |a Bratislava  |c 2020 
300 |a 67 s. 
100 1 |a Obuchová, Ľubica 
700 1 |a Boorová, Brigita, 1979- 
710 2 |a Fakulta podnikového manažmentu EU. Katedra manažmentu výroby a logistiky - zrušená